Юнкера и гардемарины: [сборник]; Вокруг света на "Коршуне"; Юнкера; Арсен Люпен

Détails bibliographiques
Langue:russe
Publié: Пермь, Пермская книга, 1992
TOC:К. М. Станюкович, Вокруг света на "Коршуне";
А. И. Куприн, Юнкера;
С. А. Колбасьев, Арсен Люпен;
Collection:Отчизны верные сыны
Sujets:
Format: MixedMaterials Livre
KOHA link:https://koha.lib.tpu.ru/cgi-bin/koha/opac-detail.pl?biblionumber=120229

MARC

LEADER 00000nam0a2200000 4500
001 120229
005 20231101215607.0
010 |a 5762501760 
035 |a (RuTPU)RU\TPU\book\130176 
090 |a 120229 
100 |a 20070821d1992 m y0rusy50 ca 
101 0 |a rus 
102 |a RU 
105 |a y z 000ay 
200 1 |a Юнкера и гардемарины  |e [сборник] 
210 |a Пермь  |c Пермская книга  |d 1992 
215 |a 653 с. 
225 1 |a Отчизны верные сыны 
464 |t Вокруг света на "Коршуне"  |o сцены из морской жизни  |f К. М. Станюкович 
464 |t Юнкера  |o роман  |f А. И. Куприн 
464 |t Арсен Люпен  |f С. А. Колбасьев 
606 1 |a Русская литература, дореволюционная  |2 stltpush  |3 (RuTPU)RU\TPU\subj\26371  |9 50314 
610 1 |a художественная литература 
610 1 |a проза 
610 1 |a повести 
610 1 |a романы 
610 1 |a сборники 
610 1 |a моряки 
610 1 |a путешествия 
675 |a Р1  |v 3 
801 1 |a RU  |b 63413507  |c 20070821  |g PSBO 
801 2 |a RU  |b 63413507  |c 20221006  |g PSBO 
942 |c BK